Most Expensive Players not to be nominated for the Ballon d'or 2023 - Statistics

General Stats
  • This quiz has been taken 57 times
  • The average score is 5 of 21
Answer Stats
Value Player % Correct
$110.000.000 Phil Foden
81%
$75.000.000 Jack Grealish
42%
$100.000.000 Pedri
38%
$100.000.000 Rodrygo
35%
$75.000.000 Bruno Fernandes
29%
$80.000.000 Enzo Fernández
29%
$90.000.000 Declan Rice
27%
$80.000.000 Marcus Rashford
23%
$75.000.000 Moisés Caicedo
21%
$85.000.000 Florian Wirtz
19%
$90.000.000 Rafael Leão
19%
$85.000.000 Aurélien Tchouaméni
17%
$80.000.000 Gabriel Martinelli
17%
$85.000.000 Eduardo Camavinga
15%
$75.000.000 Gabriel Jesus
15%
$80.000.000 Christopher Nkunku
10%
$75.000.000 Joshua Kimmich
10%
$100.000.000 Federico Valverde
8%
$75.000.000 Luis Díaz
8%
$75.000.000 Matthijs de Ligt
8%
$75.000.000 Frenkie de Jong
6%
No matching quizzes found
Score Distribution
Percent of People with Each Score
Percentile by Number Answered
Your Score History
You have not taken this quiz